Normal view
MARC view
- Camels
Entry Topical Term
001 - CONTROL NUMBER
- control field: 49899
003 - CONTROL NUMBER IDENTIFIER
- control field: NUST
005 - DATE AND TIME OF LATEST TRANSACTION
- control field: 20210314134454.0
008 - FIXED-LENGTH DATA ELEMENTS
- fixed length control field: 210314|| aca||aabn | a|a d
040 ## - CATALOGING SOURCE
- Original cataloging agency: NUST
- Transcribing agency: NUST
150 ## - HEADING--TOPICAL TERM
- Topical term or geographic name entry element: Camels
670 ## - SOURCE DATA FOUND
- Source citation: Work cat.: (NUST): Leonard, Arthur Glyn. 49898, The camel, its uses and management, 1894.
